Point set topology

Saved in:
Bibliographic Details
Main Author: Gaal, Steven A.
Format: Book
Language:English
Published: New York : Academic Press, 2009, c1964.
Series:Pure and applied mathematics ; ; 16
Subjects:
Tags: Add Tag
No Tags, Be the first to tag this record!

MARC

LEADER 00000cam a2200000 i 4500
001 1/28775
008 130423r20091964nyu ||| eng||
020 |a 978-0-486-47222-5 
035 |l 10114255 
040 |a GR-MY-UA  |b gre  |e aacr 
041 0 |a eng 
082 0 |a 514   |2 (22) 
100 1 |a Gaal, Steven A. 
245 1 0 |a Point set topology /   |c Steven A. Gaal.  
260 |a New York :   |b Academic Press,   |c 2009, c1964. 
300 |a xi, 318 σ. ;   |c 20 εκ.  
490 1 |a (Pure and applied mathematics)   |v ; 16 
504 |a Περιλαμβάνει ευρετήρια 
650 0 0 |a Topology. 
830 0 |a Pure and applied mathematics ;  |v ; 16 
852 |a INST  |b CHIOS  |e 20130423  |h 514 GAA  |p 005200035395  |q 005200035395  |t BK  |y 0 
852 |a INST  |b SAMOS  |e 20160912  |h 514 GAA  |p 005300043617  |q 005300043617  |t BK  |y 0 
901 |a BIBL2-2013-1 
909 |a Χ  |b 177226 
922 |a 2ΕΛΗ  |b 201210  |c ΤΑΚ/ΤΜΟΔ  |d ΙΩΑΝΝΙΔΟΥ 
970 |a ΠΟΥΛΑΚΗ  |b ΣΤΕΛΛΑ  |z 2013/04/23